TURZO, Juraj (Thurzo de Bethlenfalva, Turso) vojenský veliteľ, stoličný a krajinský hodnostár, zemepán (2. 9. 1567 hrad Lietava, okr. Žilina - 24. 12. 1616 Bytča, okr. Žilina, od 1621 poch. na Oravskom hrade)

Bibliographic Details
Format: Article
Language:Slovak
ISBN:807090111X viaz
Subjects:

MARC

LEADER 00000naa a2200000uu 4500
001 vtls010925617
003 SK-MaSNL
005 20260302130444.0
008 220808|1994 xo |||||||||||||||||slo|
015 |a SNBRA 
035 |a (urnnbn)urn:nbn:sk:snk:ar-a0d3fm 
035 |a (uuid)fbd79376-9f73-4f1b-be5a-3669b2c506b7 
035 |a urn:nbn:sk:snk-aats51 
040 |a SNKBUCL  |b slo  |c SNKBUCL  |e AACR2 
041 0 |a slo 
044 |a xo  |c SK 
245 0 0 |a TURZO, Juraj (Thurzo de Bethlenfalva, Turso)  |b vojenský veliteľ, stoličný a krajinský hodnostár, zemepán (2. 9. 1567 hrad Lietava, okr. Žilina - 24. 12. 1616 Bytča, okr. Žilina, od 1621 poch. na Oravskom hrade) 
655 7 |a biografické heslá  |2 SNKPH  |9 368942 
773 0 |t Slovenský biografický slovník : (od roku 833 do roku 1990). VI. zväzok, T-Ž  |d Martin : Matica slovenská, 1994  |g S. 150-151  |z 807090111X viaz 
954 |a odborná, vedecká literatúra pôvodná (slovenská)  |2 lita 
958 |a BX 
958 |a OND 
958 |a chapter 
958 |a article25 
999 |c 1300331  |d 1302261